[Event "Provincial-ch Gandia Primera"]
[Site "Valencia Gandia"]
[Date "2011.10.15"]
[Round "2.7"]
[White "Fenollar Bataller, David"]
[Black "Parra Boronat, Mar"]
[Result "1-0"]
[WhiteElo "1850"]
[BlackElo "1459"]
[PlyCount "57"]
[EventDate "2011.10.01"]
[EventType "swiss"]
[EventRounds "7"]
[EventCountry "ESP"]
[SourceTitle "EXT 2024"]
[Source "ChessBase"]
[SourceDate "2023.10.10"]
[SourceVersion "1"]
[SourceVersionDate "2023.10.10"]
[SourceQuality "1"]

1. b3 e5 2. Bb2 Nc6 3. e3 d5 4. Bb5 Bd7 5. Bxc6 Bxc6 6. Bxe5 Qg5 7. Bg3 Bd6 8. Ne2 0-0-0 9. d4 Nf6 10. Nd2 Ne4 11. Nxe4 dxe4 12. 0-0 h5 13. Bxd6 Rxd6 14. Nf4 Bd7 15. h3 Qf6 16. f3 c5 17. c3 Bf5 18. Rc1 g5 19. fxe4 Bxe4 20. Nxh5 Qh6 21. Qg4+ Re6 22. Ng3 Qg6 23. Nxe4 Rh4 24. Qxg5 Rhxe4 25. Qxc5+ Rc6 26. Qf8+ Kc7 27. Rxf7+ Qxf7 28. Qxf7+ Kb6 29. d5 1-0